Chargement en cours...

Classroom management and discipline

Détails bibliographiques
Auteur principal: Tilestone, Donna Walker
Format: Printed Book
Langue:English
Sujets:
LEADER 00362nam a2200109Ia 4500
008 101008s9999 xx 000 0 eng d
100 |a Tilestone, Donna Walker 
245 |a Classroom management and discipline 
650 |a Teaching Methods 
942 |c BK 
999 |c 184307  |d 184307 
952 |0 0  |1 0  |4 0  |7 0  |9 203600  |a EDU  |b EDU  |c ST1  |d 2010-10-20  |i 5921  |l 0  |p EDU5921  |r 2018-08-29  |w 2018-08-29  |y BK